On the right track (Record no. 130032)
[ view plain ]
| 000 -LEADER | |
|---|---|
| fixed length control field | 00955cjm a22002653a 4500 |
| 001 - CONTROL NUMBER | |
| control field | 18743744 |
| 003 - CONTROL NUMBER IDENTIFIER | |
| control field | ARRUPE |
| 005 - DATE AND TIME OF LATEST TRANSACTION | |
| control field | 20191114101237.0 |
| 007 - PHYSICAL DESCRIPTION FIXED FIELD--GENERAL INFORMATION | |
| fixed length control field | sd fsngnnmmned |
| 008 - FIXED-LENGTH DATA ELEMENTS--GENERAL INFORMATION | |
| fixed length control field | 150814s2009 deuppn| | eng |
| 010 ## - LIBRARY OF CONGRESS CONTROL NUMBER | |
| LC control number | 2015625443 |
| 040 ## - CATALOGING SOURCE | |
| Original cataloging agency | DLC |
| Transcribing agency | DLC |
| 050 00 - LIBRARY OF CONGRESS CALL NUMBER | |
| Classification number | RA567.R628 |
| 300 ## - PHYSICAL DESCRIPTION | |
| Dimensions | 30cm. |
| 100 ## - MAIN ENTRY--PERSONAL NAME | |
| Personal name | Roaf, Virginia |
| 9 (RLIN) | 48668 |
| 245 00 - TITLE STATEMENT | |
| Title | On the right track |
| Medium | good practices in realising the rightd=s to water and sanitation |
| Statement of responsibility, etc | Virginia Roaf |
| 260 ## - PUBLICATION, DISTRIBUTION, ETC. (IMPRINT) | |
| Place of publication, distribution, etc | Lisbon |
| Name of publisher, distributor, etc | Catarina de Albuquerque, |
| Date of publication, distribution, etc | 2012 |
| 300 ## - PHYSICAL DESCRIPTION | |
| Extent | 223p. ; |
| 505 0# - FORMATTED CONTENTS NOTE | |
| Formatted contents note | Localvore -- Into the garden -- Mud pies -- Pocket of hope -- Little isle -- What I sing goes -- See this through -- Ma's -- It'll take more -- Brant-a-round -- What'll be ours -- Have a smile. |
| 511 0# - PARTICIPANT OR PERFORMER NOTE | |
| Participant or performer note | Zach Ladin. |
| 650 #0 - SUBJECT ADDED ENTRY--TOPICAL TERM | |
| Topical term or geographic name as entry element | Sanitation |
| 9 (RLIN) | 48669 |
| 650 #0 - SUBJECT ADDED ENTRY--TOPICAL TERM | |
| Topical term or geographic name as entry element | Water rights |
| 9 (RLIN) | 48670 |
| 906 ## - LOCAL DATA ELEMENT F, LDF (RLIN) | |
| a | 7 |
| b | cbc |
| c | orignew |
| d | 3 |
| e | ncip |
| f | 20 |
| g | y-soundrec |
| 942 ## - ADDED ENTRY ELEMENTS (KOHA) | |
| Source of classification or shelving scheme | Library of Congress Classification |
| Koha item type | Monograph ( Printed materials) |
| Withdrawn status | Lost status | Source of classification or shelving scheme | Damaged status | Not for loan | Collection code | Home library | Current library | Shelving location | Date acquired | Total Checkouts | Full call number | Barcode | Date last seen | Price effective from | Koha item type |
|---|---|---|---|---|---|---|---|---|---|---|---|---|---|---|---|
| Library of Congress Classification | Main Collection | ARRUPE LIBRARY | ARRUPE LIBRARY | Main Collection | 14/11/2019 | RA567.R628 | 46600005848 | 14/11/2019 | 14/11/2019 | Monograph ( Printed materials) |